Datum a čas kvízu
43.5
Celkem bodů
Celkový počet nahraných bodů na tomto kvízu bez doplňovacích otázek.
1.
Pořadí na kvízu
Konečné umístění týmu na tomto kvízu.
Zaznamenané odpovědi
| # | Otázka | Odpověď | Body | Výsledky |
|---|---|---|---|---|
| 1. | Ve které obci se v sobotu kona... | v Průhonicích | 1 | |
| 2. | Internet minulý týden obletělo... | kocour (kočka) | 0 | |
| 3. | Společnost Amazon v úterý ozná... | Pán prstenů (Lord of the Rings) | 1 | |
| 4. | Česká armáda v pátek převzala... | Toyota | 1 | |
| 5. | Devítinásobný motocyklový mist... | Valentino Rossi | 1 | |
| 6. | Rozhodli jsme se prověřit vaše... | nebozez / nebozízek | 1 | |
| 7. | V roce 1844 byla vynalezena hl... | cylindrická vložka | 1 | |
| 8. | Některé šrouby nemají ani jedn... | inbus (též nespisovně imbus) | 1 | |
| 9. | Jak byste dvěma slovy začínají... | pružná / pérová podložka | 1 | |
| 10. | Apelativizace je pojem pro jev... | karma | 1 |